Las fuentes del nuevo cine latinoamericano

Saved in:
Bibliografiske detaljer
Hovedforfatter: Orell García, Marcia Olga (autora)
Format: Bog
Sprog:spansk
Udgivet: Valparaíso Universitarias 2012
Udgivelse:3a. ed
Fag:
Tags: Tilføj Tag
Ingen Tags, Vær først til at tagge denne postø!

MARC

LEADER 00000cam a2200000 a 4500
001 UCD1108
003 CL-VaPUC
008 160107e20120000cl |||||||||||||||||spa|d
020 |a 9789561703865 
082 0 4 |a 790  |b ORE  |2 21 
100 |a Orell García, Marcia Olga  |e autora  |9 584209 
245 1 4 |a Las fuentes del nuevo cine latinoamericano 
250 |a 3a. ed 
300 |a 205 p 
942 |c BK 
945 |d 20160107 17:53:00  |a dcastane 
260 |a Valparaíso  |b Universitarias  |c 2012 
650 7 |a CINE EXPERIMENTAL  |2 CL-VaPUC  |9 449635 
650 0 |a Estética de la violencia  |9 526466 
650 7 |a CINE ARGENTINO  |2 CL-VaPUC  |9 526467 
650 7 |a CINE BOLIVIANO  |2 CL-VaPUC  |9 526469 
650 7 |a CINE BRASILERO  |2 CL-VaPUC  |9 526468 
650 0 |a Cine chileno  |9 265165 
650 0 |a Cine uruguayo  |9 526470 
583 |a last modification  |c 20160107 17:53:00  |k Rodrigo Vera 
999 |c 362533  |d 362531 
952 |0 0  |1 0  |3 erb  |4 0  |6 790_000000000000000_ORE_2012  |7 0  |8 A  |9 473829  |a BIBEDU  |b BIBEDU  |i 5260663  |o 790 ORE 2012  |p 5260663  |r 2019-11-24  |w 2019-11-24  |y BK  |z Catalogado en:20160107  |k LIT 
952 |0 0  |1 0  |3 erb  |4 0  |6 790_000000000000000_ORE_2012  |7 0  |8 A  |9 473830  |a BIBEDU  |b BIBEDU  |i 5260655  |o 790 ORE 2012  |p 5260655  |r 2019-11-24  |w 2019-11-24  |y BK  |z Catalogado en:20160107  |k LIT 
952 |0 0  |1 0  |3 erb  |4 0  |6 790_000000000000000_ORE_2012  |7 0  |8 A  |9 473831  |a BIBEDU  |b BIBEDU  |i 5260647  |o 790 ORE 2012  |p 5260647  |r 2019-11-24  |w 2019-11-24  |y BK  |z Catalogado en:20160107  |k LIT